000 00248nam a22000857a 4500
008 160624b xxu||||| |||| 00| 0 eng d
100 _91074
_aPalmer, B
245 _aFelicia Cartright and the Case of the Dancing Fire
260 _aChicago
_b Moody Press
_c1960
999 _c860
_d860